Normal view
MARC view
- إعداد عبد السلام داود العبادي، عمر محمد نزال العرموطي
Entry Personal Name
001 - CONTROL NUMBER
- control field: 56621
003 - CONTROL NUMBER IDENTIFIER
- control field: JO-AjAnu
005 - DATE AND TIME OF LATEST TRANSACTION
- control field: 20230606083258.0
008 - FIXED-LENGTH DATA ELEMENTS
- fixed length control field: 230606|| aca||aabn | a|a d
040 ## - CATALOGING SOURCE
- Original cataloging agency: JO-AjAnu
- Transcribing agency: JO-AjAnu
100 ## - HEADING--PERSONAL NAME
- Personal name: إعداد عبد السلام داود العبادي، عمر محمد نزال العرموطي
670 ## - SOURCE DATA FOUND
- Source citation: Work cat.: (JO-AjAnu)28893: إعداد عبد السلام داود العبادي، عمر محمد نزال العرموطي, author, مؤتمر الإسلام حضارة وسلام (في ظلال رسالة عمان) وندوة البنوك وأدوات التمويل الإسلامي والزكاة والوقف